000 00419nam a2200193Ia 4500
008 101110s9999 xx 000 0 und d
041 _aENGLISH
082 _bSR6042
_a657
100 _aJain K.C.
245 _aReady Reckoner
365 _b2
520 _aCommerce
546 _aENGLISH
630 _aReady Reckoner
650 _aCommerce
655 _aCommerce
730 _aReady Reckoner
942 _cBOOK
999 _c801980
_d801977